| 000 | 00581nam a2200169Ia 4500 | ||
|---|---|---|---|
| 008 | 090201s9999 xx 000 0 und d | ||
| 010 | _aKPL-25136 | ||
| 040 | _bमराठी | ||
| 041 | _aमराठी | ||
| 082 |
_a46095 _b25136 |
||
| 100 | _aप्रभाकर द. मराठे | ||
| 245 |
_aधैर्य समुद्र ढवळला _cप्रभाकर द. मराठे |
||
| 260 |
_c2005 _bसरीता प्रकाशन |
||
| 300 |
_a188 _bमोठा |
||
| 600 | _aधैर्य समुद्र ढवळला | ||
| 942 | _cBOOK | ||
| 999 |
_c242970 _d242970 |
||